[Event "48th XtraCon TCh-DEN 2009-10"]
[Site "Denmark DEN"]
[Date "2009.11.07"]
[Round "1"]
[White "Hansen,Bj"]
[Black "Hansen,JohnN"]
[Result "1-0"]
[WhiteElo "2248"]
[BlackElo "2089"]

1.d4 Nf6 2.c4 e6 3.Nc3 Bb4 4.Nf3 O-O 5.Bg5 h6 6.Bh4 b6 7.e4 g5 8.Nxg5 Nxe4
9.Nxe4 Qxh4 10.Bd3 f5 11.g3 Qh3 12.Bf1 Qg4 13.Qxg4+ fxg4 14.a3 Bxc3+ 15.Nxc3 Bb7
16.d5 Na6 17.Be2 exd5 18.cxd5 Nc5 19.Rd1 Rae8 20.Rd4 Ba6 21.b4 Nd3+ 22.Kd2 Nxf2
23.Rc1 Bxe2 24.Nxe2 Ne4+ 25.Ke1 c5 26.dxc6 dxc6 27.Rxc6 Kg7 28.Rd7+ Rf7 29.Rcc7 Rxd7
30.Rxd7+ Kg6 31.Nf4+ Kg5 32.Kd1 Nc3+ 33.Kd2 Nb1+ 34.Kd3 Nxa3 35.Rxa7 Rd8+
36.Ke4 Nc4 37.Ne6+  1-0

[Event "Bundesliga 2009-10"]
[Site "Bremen GER"]
[Date "2009.11.14"]
[Round "3"]
[White "Fressinet,L"]
[Black "Berkes,F"]
[Result "1-0"]
[WhiteElo "2658"]
[BlackElo "2663"]

1.d4 Nf6 2.c4 e6 3.Nc3 Bb4 4.Nf3 c5 5.g3 cxd4 6.Nxd4 Ne4 7.Qd3 Qa5 8.Nb3 Nxc3
9.Bd2 Ne4 10.Qxe4 Bxd2+ 11.Nxd2 O-O 12.Bg2 Nc6 13.Qe3 d5 14.O-O d4 15.Qd3 e5
16.a3 Qc7 17.b4 f5 18.Bd5+ Kh8 19.Nb3 a5 20.Nxa5 Nxa5 21.bxa5 f4 22.Rfb1 Rxa5
23.Rb4 Ra6 24.Be4 fxg3 25.hxg3 Rh6 26.Rab1 Qf7 27.Qf3 Qe8 28.Qg2 Bh3 29.Qh1 Bc8
30.Qg2 Bh3 31.Qh1 Bg4 32.Qg2 Bxe2 33.Rxb7 d3 34.f3 Qc8 35.Qf2 Qh3 36.f4 exf4
37.Rf7 Qc8 38.Qxf4 Rf6 39.Rxf6 gxf6 40.Rb7 Qc5+ 41.Kg2 Qg5 42.Rxh7+ Kg8 43.Qc7  1-0

[Event "Waling Dijkstra GpA"]
[Site "Leeuwarden NED"]
[Date "2009.11.14"]
[Round "2"]
[White "Cruz Lledo,P"]
[Black "Georgiev,Vl"]
[Result "1/2-1/2"]
[WhiteElo "2242"]
[BlackElo "2582"]

1.d4 Nf6 2.c4 e6 3.Nc3 Bb4 4.Nf3 b6 5.Bg5 Bb7 6.Nd2 h6 7.Bh4 g5 8.Bg3 Nc6
9.e3 Bxc3 10.bxc3 Qe7 11.Qa4 Nh5 12.Be2 Nxg3 13.hxg3 Nd8 14.Bf3 f5 15.Rb1 Bxf3
16.gxf3 Nf7 17.c5 O-O 18.Ke2 d6 19.cxd6 cxd6 20.f4 g4 21.f3 Rac8 22.Qc2 Qb7
23.Rbg1 Qc6 24.fxg4 Qxc3 25.Qxc3 Rxc3 26.gxf5 exf5 27.g4 Re8 28.gxf5+ Kf8
29.Rh3 d5 30.Rg6 Ke7 31.Rhg3 h5 32.Re6+ Kd7 33.Rxe8 Kxe8 34.Rh3 Ra3 35.Rxh5 Rxa2
36.f6 Nd6 37.Rxd5 Nc4 38.Kd3 Nxd2 39.e4 Nf1 40.e5 Ra3+ 41.Ke2 Ne3 42.Rd6 Nf5
43.f7+ Kxf7 44.Rf6+ Ke7 45.Rxf5 Ke6 46.Rf6+  1/2-1/2

[Event "Waling Dijkstra GpA"]
[Site "Leeuwarden NED"]
[Date "2009.11.15"]
[Round "6"]
[White "Cabrera,Ale"]
[Black "Lalic,B"]
[Result "0-1"]
[WhiteElo "2528"]
[BlackElo "2503"]

1.d4 Nf6 2.c4 e6 3.Nc3 Bb4 4.Nf3 b6 5.Bg5 Bb7 6.Nd2 h6 7.Bh4 Qe7 8.f3 Bxc3
9.bxc3 d6 10.e4 Nbd7 11.Qa4 O-O 12.Bd3 Qe8 13.O-O Nh5 14.f4 e5 15.fxe5 dxe5
16.c5 Nf4 17.Bb5 c6 18.Bxc6 Bxc6 19.Qxc6 Ne2+ 20.Kh1 exd4 21.cxb6 Nxb6 22.Qxe8 Rfxe8
23.cxd4 Nxd4 24.a4 Rac8 25.a5 Nc4 26.Nxc4 Rxc4 27.Rfe1 Nb3 28.Ra3 Nc5 29.Bf2 Nxe4
30.Bxa7 Ng3+ 31.hxg3 Rxe1+ 32.Kh2 Rcc1 33.g4 Ra1  0-1

[Event "Las Americas Open"]
[Site "Medellin COL"]
[Date "2009.11.15"]
[Round "7"]
[White "Vittorino,C"]
[Black "Beltran,C2"]
[Result "1-0"]
[WhiteElo "2337"]
[BlackElo "2242"]

1.d4 Nf6 2.c4 e6 3.Nc3 Bb4 4.Nf3 c5 5.g3 Nc6 6.Bg2 d5 7.cxd5 Nxd5 8.Bd2 cxd4
9.Nxd4 Nxd4 10.Nxd5 Bxd2+ 11.Qxd2 Nc6 12.Qe3 O-O 13.Nc3 Bd7 14.Rd1 Qe7 15.O-O Rfe8
16.Nb5 Bc8 17.Bxc6 bxc6 18.Nd6 Rd8 19.Qc5 Qc7 20.b4 Qb6 21.Rd3 Qa6 22.Ne8 Rxe8
23.Qe7 Bd7 24.Qxd7 Rf8 25.h4 g6 26.a3 e5 27.e4 Kg7 28.a4 c5 29.b5 c4 30.Qc7  1-0

[Event "World Blitz"]
[Site "Moscow RUS"]
[Date "2009.11.16"]
[Round "13"]
[White "Karpov,Ana"]
[Black "Naiditsch,A"]
[Result "1/2-1/2"]
[WhiteElo "2619"]
[BlackElo "2689"]

1.d4 Nf6 2.c4 e6 3.Nc3 Bb4 4.Nf3 c5 5.g3 O-O 6.Bg2 cxd4 7.Nxd4 d5 8.cxd5 Nxd5
9.Qb3 Qb6 10.Bxd5 exd5 11.Be3 Bh3 12.a3 Bxc3+ 13.Qxc3 Nd7 14.Qb4 Qg6 15.f3 Ne5
16.Kf2 Rae8 17.b3 Qf6 18.Bf4 Ng6  1/2-1/2

[Event "World Blitz"]
[Site "Moscow RUS"]
[Date "2009.11.18"]
[Round "37"]
[White "Karpov,Ana"]
[Black "Polgar,Ju"]
[Result "1-0"]
[WhiteElo "2619"]
[BlackElo "2680"]

1.d4 Nf6 2.c4 e6 3.Nc3 Bb4 4.Nf3 c5 5.g3 b6 6.Bg2 Bb7 7.O-O O-O 8.d5 Bxc3
9.bxc3 Re8 10.Nh4 e5 11.e4 d6 12.Qd3 Nbd7 13.Bh3 Nf8 14.a4 Ng6 15.Ng2 a5
16.Ne3 Ne7 17.Kg2 Bc8 18.Bxc8 Qxc8 19.Rb1 Rb8 20.f3 Qd7 21.Qc2 Rf8 22.Bd2 Ne8
23.f4 f5 24.fxe5 dxe5 25.exf5 Nd6 26.g4 Nxc4 27.Nxc4 Qxd5+ 28.Kg3 Qxc4 29.Qb3 Qxb3
30.Rxb3 Rfd8 31.Bg5 Rd3+ 32.Rf3 Rxf3+ 33.Kxf3 Nd5 34.Ke4 c4 35.Ra3 Nf6+ 36.Bxf6 gxf6
37.Kd5 Re8 38.Ra2 e4 39.Re2 e3 40.Kd4 h5 41.h3 hxg4 42.hxg4 b5 43.axb5 a4
44.Kxc4 a3 45.Kb3 Ra8 46.Ka2 Ra5 47.Rxe3 Rxb5 48.Kxa3 Kg7 49.c4 Rb1 50.c5 Kh6
51.Ka4 Kg5 52.Re4 Rc1 53.Kb5 Rb1+ 54.Kc6 Rc1 55.Kb6 Rb1+ 56.Kc7 Rc1 57.c6 Kh4
58.Rb4 Kg3 59.Kb7  1-0

[Event "British Rapidplay"]
[Site "Halifax ENG"]
[Date "2009.11.21"]
[Round "4"]
[White "Wells,P"]
[Black "Slavin,A"]
[Result "1-0"]
[WhiteElo "2489"]
[BlackElo "2304"]

1.d4 Nf6 2.c4 e6 3.Nc3 Bb4 4.Nf3 O-O 5.Bg5 c5 6.e3 Qa5 7.Bxf6 Bxc3+ 8.bxc3 Qxc3+
9.Nd2 gxf6 10.Rb1 d5 11.Rb3 Qa5 12.e4 e5 13.Qh5 Kh8 14.Rg3 Qd8 15.exd5 exd4
16.Bd3 f5 17.Rh3 Qe7+ 18.Kd1 f6 19.Re1 Qd7 20.Nf3 Qg7 21.Rg3 Qc7 22.Nh4 f4
23.Ng6+ Kg7 24.Ne7+ Bg4+ 25.Rxg4+  1-0

[Event "World Cup"]
[Site "Khanty-Mansiysk RUS"]
[Date "2009.11.25"]
[Round "2.2"]
[White "Onischuk,Al"]
[Black "Naiditsch,A"]
[Result "1/2-1/2"]
[WhiteElo "2672"]
[BlackElo "2689"]

1.d4 Nf6 2.c4 e6 3.Nc3 Bb4 4.Nf3 c5 5.g3 O-O 6.Bg2 cxd4 7.Nxd4 d5 8.O-O dxc4
9.Qa4 Na6 10.Ndb5 Qe8 11.Rd1 Nd5 12.Qc2 Bd7 13.Nxd5 Bxb5 14.Nxb4 Nxb4 15.Qc3 Qe7
16.Be3 Bc6 17.Bd2 a5 18.Bxc6 Nxc6 19.Qxc4 Rfd8 20.Bc3 Rxd1+ 21.Rxd1 Rd8 22.Rd3 Rxd3
23.Qxd3 h6 24.Qb5 Qc7 25.Kg2 f6 26.f3 Kf7 27.e4 b6 28.h4 Ne5 29.Bxe5 fxe5
30.h5 Ke7 31.Kh3 Kf7 32.Kg4 Ke7 33.Qa6 Kf7 34.Qb5 Ke7 35.a3 Kf7 36.Qa6 Ke7
37.Qb5 Kf7 38.Qa6 Ke7 39.Qa8 Kf7 40.Kh3 Ke7 41.Kg4 Kf7 42.b4 axb4 43.axb4 Qe7
44.b5 Qg5+ 45.Kh3 Qxh5+ 46.Kg2 Qg5 47.Qb7+ Kf6 48.Qxb6 Qd2+ 49.Kf1 Qd1+ 50.Kf2 Qd2+
51.Kf1  1/2-1/2

[Event "National Chess Congress"]
[Site "Philadelphia USA"]
[Date "2009.11.27"]
[Round "2"]
[White "Rosenberg,E"]
[Black "Smith,Bry"]
[Result "0-1"]
[WhiteElo "2140"]
[BlackElo "2467"]

1.d4 Nf6 2.c4 e6 3.Nc3 Bb4 4.Nf3 b6 5.Qb3 c5 6.Bg5 Nc6 7.d5 Na5 8.Qc2 O-O
9.e3 Bb7 10.h4 b5 11.O-O-O Bxc3 12.Qxc3 Nxc4 13.e4 Nxe4 14.Qc2 Qa5 15.Bxc4 bxc4
16.Qxe4 Bxd5 17.Rxd5 exd5 18.Qxd5 Qxa2 19.Rh3 Rab8 20.Ne5 Rxb2 21.Kd1 Qb1+  0-1

[Event "World Cup"]
[Site "Khanty-Mansiysk RUS"]
[Date "2009.12.01"]
[Round "4.2"]
[White "Jakovenko,D"]
[Black "Grischuk,A"]
[Result "1/2-1/2"]
[WhiteElo "2736"]
[BlackElo "2736"]

1.d4 Nf6 2.c4 e6 3.Nc3 Bb4 4.Nf3 c5 5.g3 b6 6.Bg2 Bb7 7.O-O cxd4 8.Qxd4 O-O
9.Nb5 Nc6 10.Qd3 d5 11.Bf4 a6 12.Nbd4  1/2-1/2

[Event "Open"]
[Site "Figueira da Foz POR"]
[Date "2009.12.03"]
[Round "6"]
[White "Petkov,V"]
[Black "Romanishin,O"]
[Result "1-0"]
[WhiteElo "2429"]
[BlackElo "2503"]

1.d4 Nf6 2.c4 e6 3.Nc3 Bb4 4.Nf3 c5 5.g3 Ne4 6.Qd3 Qa5 7.Qxe4 Bxc3+ 8.Bd2 Bxd2+
9.Nxd2 Nc6 10.d5 Nd4 11.Bg2 Nb3 12.Rd1 Nxd2 13.Rxd2 O-O 14.Qf4 Rd8 15.b3 h6
16.Qe3 d6 17.dxe6 fxe6 18.O-O Rb8 19.Rfd1 b5 20.cxb5 Rxb5 21.Rxd6 Rxd6 22.Rxd6 Rb8
23.Rxe6 Qe1+ 24.Bf1 Bxe6 25.Qxe6+ Kh8 26.Qd6 Qb4 27.e4 Re8 28.e5 Qc3 29.f4 Qe3+
30.Kg2 Qe4+ 31.Kf2 Qc2+ 32.Be2 Qxa2 33.Qd7 Rg8 34.e6 Qxb3 35.e7 Qf7 36.Bh5 Qa2+
37.Kf3 Qxh2 38.e8=Q  1-0

[Event "New Years All-Ukrainian Open"]
[Site "Poltava UKR"]
[Date "2009.12.04"]
[Round "1"]
[White "Kol'ba,A"]
[Black "Zubarev,Al1"]
[Result "0-1"]
[WhiteElo "2155"]
[BlackElo "2535"]

1.d4 Nf6 2.c4 e6 3.Nc3 Bb4 4.Nf3 d5 5.g3 dxc4 6.Bg2 Nc6 7.O-O Rb8 8.a4 O-O
9.e3 Nd5 10.Qc2 a6 11.e4 Nxc3 12.bxc3 Be7 13.Rd1 Na5 14.d5 Nb3 15.Rb1 exd5
16.Rxd5 Qe8 17.Bf4 Be6 18.Rdd1 Rc8 19.Nd4 Qxa4 20.Nxe6 fxe6 21.Bf1 Bc5 22.Bxc4 Qxc4
23.Qxb3 Qxb3 24.Rxb3 b6 25.Rd7 Rf7 26.Rxf7 Kxf7 27.Kf1 Ke7 28.Ke2 a5 29.Be3 Kd6
30.Rb5 Kc6 31.c4 Bxe3 32.Kxe3 a4 33.Kd3 a3 34.Kc2 Ra8 35.Rb1 Kc5 36.Kb3 a2
37.Ra1 Kd4 38.f4 Kxe4 39.Kb2 Kf3 40.Re1 a1=Q+ 41.Rxa1 Rxa1 42.Kxa1 Ke3 43.Kb2 Kd4
44.Kb3 c5  0-1

[Event "ch-IND National A"]
[Site "Mumbai IND"]
[Date "2009.12.06"]
[Round "6"]
[White "Syed Anwar,S"]
[Black "Maheswaran,P"]
[Result "1/2-1/2"]
[WhiteElo "2360"]
[BlackElo "2342"]

1.d4 Nf6 2.c4 e6 3.Nc3 Bb4 4.Nf3 c5 5.e3 d5 6.cxd5 exd5 7.dxc5 O-O 8.Bd3 Nbd7
9.O-O Nxc5 10.Bc2 Bxc3 11.bxc3 Bg4 12.h3 Bxf3 13.Qxf3 Nce4 14.c4 Rc8 15.Bd3 Nc5
16.Bf5 Ne6 17.cxd5 Qxd5 18.Qxd5 Nxd5 19.Ba3 Rfe8 20.Rac1 Nc3 21.Bb2 Na4 22.Bxe6 fxe6
23.Bd4 a6 24.f4 Kf7 25.Kf2 g6 26.g4 Ke7 27.Ke2 Kd7 28.Kd3 b5 29.a3 Kd6 30.Be5+ Kd7
31.Bd4 Kd6 32.Be5+ Kd7 33.Bd4  1/2-1/2

[Event "Tch-SLO League"]
[Site "Rogaska Slatina SLO"]
[Date "2009.12.11"]
[Round "1"]
[White "Miladinovic,I"]
[Black "Gyimesi,Z"]
[Result "0-1"]
[WhiteElo "2553"]
[BlackElo "2584"]

1.d4 Nf6 2.c4 e6 3.Nc3 Bb4 4.Nf3 d5 5.Qa4+ Nc6 6.e3 O-O 7.Bd2 dxc4 8.Bxc4 Bd6
9.a3 a6 10.Qc2 e5 11.d5 Ne7 12.e4 c6 13.dxc6 Nxc6 14.Bg5 h6 15.Bh4 Bg4 16.Nd2 Nd4
17.Qd3 b5 18.Bd5 Rc8 19.h3 Be6 20.Bxf6 Qxf6 21.O-O Rfd8 22.Rac1 Bc5 23.Rcd1 Bxa3
24.Bb7 Rb8 25.Nd5 Bxd5 26.Bxd5 Bxb2 27.Nb3 Rbc8 28.Nxd4 Bxd4 29.Qe2 Rc3 30.Rd2 Qf4
31.Ra2 Rxh3 32.gxh3 Qg3+ 33.Kh1 Qxh3+ 34.Kg1 Rd6  0-1

[Event "Tch-SLO League"]
[Site "Rogaska Slatina SLO"]
[Date "2009.12.12"]
[Round "2"]
[White "Podkriznik,G"]
[Black "Navinsek,T"]
[Result "1/2-1/2"]
[WhiteElo "2372"]
[BlackElo "2292"]

1.d4 Nf6 2.Nf3 e6 3.c4 Bb4+ 4.Nc3 Bxc3+ 5.bxc3 d6 6.e3 c5 7.Bd3 Nc6 8.Qc2 e5
9.dxc5 dxc5 10.Ng5 Qe7 11.O-O b6 12.Ne4 Bb7 13.Nxf6+ Qxf6 14.Be4 O-O-O 15.Bd5 Na5
16.e4 Qg6 17.f4 exf4 18.Bxf4 Bxd5 19.cxd5 Rxd5 20.Qe2 Rd7 21.Rad1 Rhd8 22.Qa6+ Rb7
23.Rxd8+ Kxd8 24.Rd1+ Rd7 25.Rxd7+ Kxd7 26.Qxa7+ Kc6 27.c4 Nxc4 28.Qa4+ b5
29.Qa8+ Kb6 30.Qd8+ Ka6 31.Qa8+ Kb6 32.Qd8+ Ka6 33.Qa8+  1/2-1/2

[Event "Bundesliga 2009-10"]
[Site "Berlin GER"]
[Date "2009.12.13"]
[Round "6"]
[White "Lauber,A"]
[Black "Landa,K"]
[Result "1/2-1/2"]
[WhiteElo "2517"]
[BlackElo "2655"]

1.d4 Nf6 2.c4 e6 3.Nc3 Bb4 4.Nf3 d5 5.Bg5 Nbd7 6.cxd5 exd5 7.Rc1 c6 8.e3 Qa5
9.Qb3 Ne4 10.Bd3 O-O 11.O-O Nxg5 12.Nxg5 Nf6 13.a3 Bd6 14.Qc2 h6 15.Nh7 Nxh7
16.Bxh7+ Kh8 17.Bf5 Qd8 18.Na4 Qh4 19.g3 Qe7 20.Bxc8 Raxc8 21.Qf5 g6 22.Qf3 Kg7
23.Nc5 h5 24.h4 Bxc5 25.Rxc5 Rfd8 26.b4 a6 27.Re1 Re8 28.Qf4 Qd7 29.Kg2 Re6
30.Qf3 Rf6 31.Qe2 Re8 32.a4 Qf5 33.b5 axb5 34.axb5 Qe4+ 35.f3 Qe7 36.bxc6 bxc6
37.Qc2 Re6 38.e4 dxe4 39.Rxe4 Rxe4 40.fxe4 Qxe4+ 41.Qxe4 Rxe4 42.Rxc6 Rxd4
43.Kf3 Rd3+ 44.Kf4 Kh6 45.Ra6 Kg7 46.Rb6 Kf8 47.Rb7 Ke8 48.Ra7 Rd7 49.Ra8+ Ke7
50.Ra6 Rd6 51.Ra4 Rf6+ 52.Ke4 Rf1 53.Ra6 Rd1 54.Ra7+ Ke6 55.Ra6+ Rd6 56.Ra7 Rb6
57.Kf4 f6 58.Ra5 Rb4+ 59.Kf3 Rd4 60.Ra6+ Ke5 61.Ra5+ Rd5 62.Ra3 g5 63.hxg5 fxg5
64.Re3+ Kf6 65.Ra3 Rf5+ 66.Kg2 g4 67.Ra4 Ke5 68.Rb4 Kd6 69.Ra4 Rc5 70.Kf2 Ke5
71.Kg2 Rc2+ 72.Kg1 Rd2 73.Ra5+ Rd5 74.Ra4 Rb5 75.Kg2 Kf5 76.Kf2 Rb2+ 77.Kg1 Re2
78.Ra5+ Re5 79.Ra4 Kg5 80.Kf2 Rb5 81.Kg2 Rd5 82.Kf2 Rf5+ 83.Kg2 Rc5 84.Kf2 h4
85.gxh4+ Kxh4 86.Kg2 Rc2+ 87.Kg1 Kh3 88.Ra3+ g3 89.Ra1 Rg2+ 90.Kh1 Re2 91.Kg1 Re3
92.Rb1 g2 93.Ra1 Kg3 94.Rb1 Rf3 95.Ra1 Rf1+ 96.Rxf1 gxf1=B 97.Kxf1  1/2-1/2

[Event "Tch-SLO League"]
[Site "Rogaska Slatina SLO"]
[Date "2009.12.14"]
[Round "6"]
[White "Jankovic,A"]
[Black "Gyimesi,Z"]
[Result "1-0"]
[WhiteElo "2546"]
[BlackElo "2584"]

1.d4 Nf6 2.c4 e6 3.Nc3 Bb4 4.Nf3 d5 5.cxd5 exd5 6.Bg5 h6 7.Bh4 g5 8.Bg3 Ne4
9.Nd2 Nxg3 10.hxg3 c6 11.a3 Bf8 12.e4 dxe4 13.Qc2 Bg7 14.O-O-O O-O 15.Ndxe4 Bf5
16.f4 Nd7 17.Bd3 Bxe4 18.Nxe4 Nf6 19.Nxg5 hxg5 20.Bh7+ Kh8 21.fxg5 Re8 22.Rdf1 Qxd4
23.Kb1 Rad8 24.Rf4 Qe5 25.gxf6 Bxf6 26.Bd3+ Kg7 27.Bc4 Rh8 28.Rhf1 Rd6 29.g4 b5
30.Bxf7 Rh6 31.Bb3 Rg6 32.Re4 Qg5 33.Re8 Rd8 34.Qxc6 Qd2 35.Rxf6 Rxf6 36.Re7+ Kg6
37.Qe4+ Kg5 38.Qe5+  1-0

[Event "Open Ch-Skopje"]
[Site "Skopje MKD"]
[Date "2009.12.15"]
[Round "4"]
[White "Hristovski,S"]
[Black "Menkinoski,R"]
[Result "0-1"]
[WhiteElo "2132"]
[BlackElo "2326"]

1.d4 Nf6 2.c4 e6 3.Nc3 Bb4 4.Nf3 b6 5.g3 Ne4 6.Qd3 Bb7 7.Bg2 Bxc3+ 8.bxc3 f5
9.O-O O-O 10.Bf4 Nc6 11.Nd2 g5 12.Be3 Nd6 13.c5 bxc5 14.dxc5 Ne5 15.Qd4 Bxg2
16.Kxg2 Ndf7 17.Nb3 d5 18.h4 g4 19.h5 Nc4 20.Qf4 Qc8 21.Qd4 Qd8 22.Rad1 c6
23.Bc1 e5 24.Qd3 Qf6 25.h6 Ng5 26.Rh1 Ne6 27.Rh5 a5 28.a4 Rab8 29.Qc2 Qg6
30.Rh4 Rb7 31.Nd2 Nxd2 32.Qxd2 Nxc5 33.Ba3 Ne4 34.Qd3 Rfb8 35.Qa6 Nxc3 36.Rc1 Rb6
37.Qxa5 Nxe2 38.Re1 f4 39.Qa7 R6b7 40.Qc5 Qe4+ 41.Kh2 fxg3+ 42.fxg3 Qf3  0-1

[Event "16th Open A"]
[Site "Zadar CRO"]
[Date "2009.12.15"]
[Round "4"]
[White "Saric,Ib"]
[Black "Franic,M"]
[Result "1-0"]
[WhiteElo "2553"]
[BlackElo "2399"]

1.d4 e6 2.c4 Nf6 3.Nc3 Bb4 4.Nf3 b6 5.Qc2 Bb7 6.a3 Bxc3+ 7.Qxc3 Ne4 8.Qc2 a5
9.b3 O-O 10.e3 f5 11.Be2 d6 12.Bb2 Nd7 13.O-O Qe7 14.Rad1 h6 15.d5 e5 16.Ne1 Rae8
17.Nd3 c6 18.f3 Nef6 19.dxc6 Bxc6 20.Nc1 Qe6 21.Na2 Rc8 22.Nc3 Kh8 23.Qd2 Ne8
24.b4 Ra8 25.Rf2 Ndf6 26.Bf1 Rf7 27.Qe1 Rc7 28.Rfd2 Bd7 29.Qf2 Rb7 30.h3 Qe7
31.f4 Be6 32.Bd3 axb4 33.axb4 e4 34.Bf1 Rc8 35.Nb5 Bxc4 36.Bxc4 Rxc4 37.Nxd6 Nxd6
38.Rxd6 Kh7 39.Bxf6 gxf6 40.Qh4 Rc2 41.Qh5 Rc1 42.Qxf5+ Kg7 43.Rxc1 Qxd6
44.Qxe4 Re7 45.Qf3 Qxb4 46.Rc8 Kh7 47.Kh2 Qb3 48.Qg4 Qe6 49.Qxe6 Rxe6 50.Rc3 h5
51.g4 hxg4 52.hxg4 Re4 53.Kg3 Rb4 54.Rc6 Kg7 55.Kf3 b5 56.Rb6 Kf7 57.f5 Rb1
58.Rb7+ Kg8 59.Ke4 Rb4+ 60.Kf3 Rb1 61.g5 Rf1+ 62.Ke4 fxg5 63.Rxb5 Kg7 64.Rb6 Rg1
65.Ke5 Kh7 66.Rg6 Rg3 67.e4 Rg1 68.Kf6 g4 69.e5 g3 70.e6 g2 71.Rg3  1-0

[Event "9th Amplico Life Rapid"]
[Site "Warsaw POL"]
[Date "2009.12.20"]
[Round "10"]
[White "Nedilko,V"]
[Black "Rudnicki,M"]
[Result "1-0"]
[WhiteElo "2400"]
[BlackElo "2221"]

1.d4 Nf6 2.c4 e6 3.Nc3 Bb4 4.Nf3 O-O 5.Bg5 c5 6.Qc2 cxd4 7.Nxd4 Nc6 8.e3 Be7
9.O-O-O Qa5 10.h4 a6 11.Kb1 b5 12.Nxc6 dxc6 13.Bd3 h6 14.Bxf6 Bxf6 15.Ne4 Be7
16.g4 bxc4 17.Bxc4 Rb8 18.g5 h5 19.Rhg1 g6 20.Nf6+ Bxf6 21.gxf6 Kh7 22.Rg5 Qb4
23.Rxh5+ Kg8 24.Rg1  1-0

[Event "Christamas Open Masters"]
[Site "Zurich SUI"]
[Date "2009.12.26"]
[Round "1"]
[White "Vogelbacher,G"]
[Black "Zude,A"]
[Result "0-1"]
[WhiteElo "2120"]
[BlackElo "2461"]

1.d4 Nf6 2.c4 e6 3.Nc3 Bb4 4.Nf3 b6 5.e3 Bb7 6.Bd3 O-O 7.Qc2 d5 8.Bd2 Nbd7
9.O-O c5 10.cxd5 exd5 11.Ne2 a5 12.a3 Bxd2 13.Nxd2 c4 14.Bf5 b5 15.f4 Qe7
16.Rf3 Nb6 17.g4 g6 18.g5 Ne4 19.Bg4 b4 20.h4 Nxd2 21.Qxd2 c3 22.bxc3 Nc4
23.Qc1 b3 24.Rb1 a4 25.Ng3 Nxa3 26.Nf5 gxf5 27.Bxf5 Nxb1 28.Qxb1 a3 29.Bxh7+ Kh8
30.g6 fxg6  0-1

[Event "Tata Steel TCh-Asia w"]
[Site "Kolkata IND"]
[Date "2009.12.28"]
[Round "7"]
[White "Bhakti,K"]
[Black "Khademalsharieh,S"]
[Result "0-1"]
[WhiteElo "2263"]
[BlackElo "2018"]

1.d4 Nf6 2.Nf3 e6 3.c4 Bb4+ 4.Nc3 b6 5.Qb3 Bxc3+ 6.Qxc3 Ne4 7.Qc2 Bb7 8.g3 O-O
9.Bg2 d5 10.O-O Nd7 11.b4 c5 12.bxc5 bxc5 13.Rb1 Ba6 14.cxd5 exd5 15.Nd2 Nxd2
16.Qxd2 Bc4 17.Ba3 Re8 18.Rfe1 cxd4 19.Bb2 Bxa2 20.Qxd4 Nf6 21.Ra1 Bc4 22.e4 Qb6
23.Qc3 dxe4 24.Rxe4 Rxe4 25.Bxe4 Qxf2+ 26.Kh1 Re8 27.Qxc4 Rxe4  0-1

[Event "Tata Steel TCh-Asia w"]
[Site "Kolkata IND"]
[Date "2009.12.28"]
[Round "7"]
[White "Mohota,N"]
[Black "Paridar,S"]
[Result "0-1"]
[WhiteElo "2351"]
[BlackElo "2242"]

1.d4 Nf6 2.c4 e6 3.Nf3 Bb4+ 4.Nc3 b6 5.e3 Bb7 6.Bd3 O-O 7.O-O c5 8.Na4 cxd4
9.exd4 d5 10.c5 bxc5 11.a3 c4 12.axb4 cxd3 13.Qxd3 Qe8 14.b5 a6 15.Nc5 Qxb5
16.Qxb5 axb5 17.Bf4 Bc6 18.Rxa8 Bxa8 19.Bd6 Rc8 20.Bxb8 Rxb8 21.Ne5 Ne4 22.Ra1 Nxc5
23.dxc5 f6 24.Nd7 Rd8 25.Nb6 Bc6 26.f3 e5 27.Kf1 d4 28.Ke2 f5 29.Ra7 e4 30.Re7 d3+
31.Kd2 Kf8 32.Re5 g6 33.fxe4 fxe4 34.Re6 Kf7 35.Rxc6 e3+ 36.Kd1 e2+ 37.Kd2 Re8
38.Rc7+ Kg8 39.Ke1 d2+  0-1

[Event "39th Rilton Cup"]
[Site "Stockholm SWE"]
[Date "2009.12.28"]
[Round "2"]
[White "Lauber,A"]
[Black "Wojtaszek,R"]
[Result "1/2-1/2"]
[WhiteElo "2503"]
[BlackElo "2637"]

1.d4 Nf6 2.c4 e6 3.Nc3 Bb4 4.Nf3 c5 5.g3 Nc6 6.Bg2 Ne4 7.Bd2 Nxd2 8.Qxd2 cxd4
9.Nxd4 Qb6 10.Nc2 Be7 11.O-O O-O 12.Rac1 Rd8 13.b3 d6 14.Rfd1 Bd7 15.Qe3 Qxe3
16.Nxe3 Be8 17.Rd2 a6 18.Na4 Rab8 19.Nb6 Kf8 20.Rcd1 Ne5 21.a4 Nd7 22.a5 Nxb6
23.axb6 Rdc8 24.b4 Bc6 25.Bh3 Bd8 26.Rxd6 Be7 27.Rxc6 Rxc6 28.c5 Bxc5 29.bxc5 Rxc5
30.f4 Ke7 31.Bg2 a5 32.Ra1 Rd8 33.Bxb7 Rb8 34.Be4 Rxb6 35.Bd3 Rb4 36.Nc2 Rb8
37.Ne3 Rb4 38.Nc2 Rb8 39.Ne3 Rb4  1/2-1/2

[Event "39th Rilton Cup"]
[Site "Stockholm SWE"]
[Date "2010.01.04"]
[Round "8"]
[White "Lauber,A"]
[Black "Popov,Val"]
[Result "0-1"]
[WhiteElo "2503"]
[BlackElo "2588"]

1.d4 Nf6 2.c4 e6 3.Nc3 Bb4 4.Nf3 d5 5.cxd5 exd5 6.Bg5 Nbd7 7.Qa4 Qe7 8.a3 Bxc3+
9.bxc3 O-O 10.e3 h6 11.Bh4 c5 12.Bd3 g5 13.Bg3 Ne4 14.Bxe4 dxe4 15.Ne5 Nxe5
16.Bxe5 Bd7 17.Qc4 Rfe8 18.O-O Be6 19.Qe2 f6 20.Bg3 Rac8 21.Rfd1 Bb3 22.Rdb1 Bf7
23.Qb5 b6 24.a4 cxd4 25.cxd4 Bc4 26.Qf5 Kg7 27.Rd1 Qe6 28.Qxe6 Bxe6 29.Rdc1 Bb3
30.Kf1 Rxc1+ 31.Rxc1 Kg6 32.Rc7 Ra8 33.a5 bxa5 34.Rb7 Bd5 35.Rb8 Rxb8 36.Bxb8 a4
37.Bd6 Kf5 38.Ke1 a6 39.Bf8 Bc4 40.Kd2 h5 41.g3 a5 42.Be7 Ke6 43.Ba3 Bd5
44.Kc3 f5 45.h4 gxh4 46.gxh4 f4 47.exf4 Kf5 48.Be7 Kg4 49.Kd2 a3 50.Bxa3 Kxh4
51.Ke1 Kg4 52.Kf1 Kxf4  0-1

[Event "ch-AUS"]
[Site "Sydney AUS"]
[Date "2010.01.07"]
[Round "5"]
[White "Zhao Zong Yuan"]
[Black "Xie,G"]
[Result "1-0"]
[WhiteElo "2572"]
[BlackElo "2448"]

1.d4 Nf6 2.c4 e6 3.Nc3 Bb4 4.Nf3 b6 5.Bg5 Bb7 6.Nd2 h6 7.Bh4 d5 8.Qa4+ Nc6
9.cxd5 exd5 10.e3 a6 11.Rc1 O-O 12.a3 Be7 13.Be2 Ne4 14.Bxe7 Nxe7 15.Ncxe4 dxe4
16.Qc2 Qd5 17.O-O Rac8 18.b4 Kh8 19.Nc4 Qe6 20.Ne5 f6 21.Bg4 f5 22.Be2 Ng6
23.Qc4 Qe8 24.f4 Nxe5 25.dxe5 c5 26.bxc5 Rxc5 27.Qb4 Qc8 28.Rxc5 bxc5 29.Qb6 c4
30.Qd4 c3 31.Rc1 c2 32.Qc4 Qd8 33.Rxc2 Qb6 34.Qc5 Qd8 35.Rd2 Qb8 36.Rd7 Rg8
37.Bc4 Bc6 38.Qxc6 Rc8 39.Rb7 Qa8 40.Qd7  1-0

[Event "TCh-AUT 2009-10"]
[Site "Graz AUT"]
[Date "2010.01.14"]
[Round "4"]
[White "Stocek,J"]
[Black "Rozentalis,E"]
[Result "1/2-1/2"]
[WhiteElo "2592"]
[BlackElo "2611"]

1.d4 Nf6 2.c4 e6 3.Nc3 Bb4 4.Nf3 b6 5.Qb3 c5 6.Bg5 Bb7 7.e3 h6 8.Bh4 d6 9.O-O-O Bxc3
10.Qxc3 Nbd7 11.Bd3 Qe7 12.Bc2 O-O-O 13.d5 exd5 14.cxd5 g5 15.Bg3 Nxd5 16.Rxd5 Bxd5
17.Nd4 Nf6 18.Nf5 Qe6 19.Ng7 Qe7 20.Nf5 Qe6 21.Ng7 Qe7 22.Nf5  1/2-1/2

[Event "8th Parsvnath Open"]
[Site "New Delhi IND"]
[Date "2010.01.14"]
[Round "1"]
[White "Suresh,J"]
[Black "Grover,S"]
[Result "0-1"]
[WhiteElo "1836"]
[BlackElo "2448"]

1.d4 e6 2.c4 Nf6 3.Nc3 Bb4 4.Nf3 Bxc3+ 5.bxc3 b6 6.g3 Bb7 7.Bg2 d6 8.O-O Nbd7
9.Re1 O-O 10.Bg5 h6 11.Bxf6 Nxf6 12.Nd2 Bxg2 13.Kxg2 c5 14.e4 cxd4 15.cxd4 e5
16.d5 Rc8 17.Rc1 Nd7 18.Nb3 f5 19.exf5 Rxf5 20.Qe2 Qf6 21.Rf1 Rf8 22.Rc3 h5
23.Re3 Qg6 24.Nd2 b5 25.Nf3 Qf7 26.Nh4 Rf6 27.Nf3 bxc4 28.Rc3 Nb6 29.Ng5 Qxd5+
30.Kg1 g6 31.Ne4 Re6 32.Rd1 Qc6 33.Ng5 Re7 34.Qc2 d5  0-1

[Event "TCh-AUT 2009-10"]
[Site "Graz AUT"]
[Date "2010.01.15"]
[Round "5"]
[White "Markos,J"]
[Black "Mihok,O"]
[Result "1-0"]
[WhiteElo "2549"]
[BlackElo "2398"]

1.d4 Nf6 2.c4 e6 3.Nc3 Bb4 4.Nf3 b6 5.Bg5 Bb7 6.Qc2 h6 7.Bh4 g5 8.Bg3 Ne4
9.Nd2 f5 10.Ndxe4 Bxe4 11.Qb3 Bxc3+ 12.Qxc3 f4 13.f3 Bg6 14.Bf2 Qf6 15.e4 fxe3
16.Bxe3 Nc6 17.Be2 O-O-O 18.O-O e5 19.dxe5 Qxe5 20.Qxe5 Nxe5 21.Rad1 Rde8
22.c5 Nc6 23.Ba6+ Kd8 24.Bf2 Rh7 25.a3 Bc2 26.Rd2 Bb3 27.Rc1 Ne5 28.Rc3 Ba4
29.Bg3 c6 30.b3 Bb5 31.Bxb5 cxb5 32.cxb6 axb6 33.Rd6 h5 34.Rxb6 Nc6 35.Rcxc6 dxc6
36.Rb8+  1-0

[Event "8th Parsvnath Open"]
[Site "New Delhi IND"]
[Date "2010.01.22"]
[Round "11"]
[White "Murshed,N"]
[Black "Premnath,R"]
[Result "1-0"]
[WhiteElo "2419"]
[BlackElo "2304"]

1.d4 Nf6 2.c4 e6 3.Nc3 Bb4 4.Nf3 O-O 5.Bg5 d5 6.cxd5 exd5 7.e3 Nbd7 8.Bd3 Re8
9.O-O c6 10.Qc2 Be7 11.Rab1 Nf8 12.b4 a6 13.a4 Be6 14.b5 axb5 15.axb5 N6d7
16.bxc6 bxc6 17.Bf4 Ra5 18.Nd2 Qa8 19.Nb3 Ra3 20.Ra1 Rc8 21.Rxa3 Qxa3 22.Ra1 Qb4
23.Ra4 Qb6 24.Ra6 Qd8 25.Na4 Nb8 26.Ra7 h6 27.Bxb8 Rxb8 28.Na5 Bd7 29.Nxc6 Bxc6
30.Qxc6 Ne6 31.g3 Bf8 32.Qd7 Qf6 33.Qxd5  1-0

[Event "8th Gibtelecom Masters"]
[Site "Caleta ENG"]
[Date "2010.01.29"]
[Round "4"]
[White "Hirneise,L"]
[Black "Hughes,Ro"]
[Result "0-1"]
[WhiteElo "1707"]
[BlackElo "1976"]

1.d4 Nf6 2.c4 e6 3.Nf3 Bb4+ 4.Nc3 O-O 5.a3 Bxc3+ 6.bxc3 Ne4 7.Qc2 f5 8.g3 d6
9.Bg2 Nd7 10.O-O Rb8 11.Nd2 Nxd2 12.Bxd2 Nf6 13.Bg5 h6 14.Bxf6 Qxf6 15.Qa4 a6
16.Rab1 b6 17.e3 Qe7 18.Qc2 e5 19.Qb3 Be6 20.Bd5 Bxd5 21.cxd5 f4 22.dxe5 fxg3
23.hxg3 Qxe5 24.c4 Rbe8 25.Qd3 Rf3 26.Kg2 Ref8 27.a4 a5 28.Rbc1 Qe8 29.Qd1 Qe4
30.Kg1 h5 31.Qd4 Qf5 32.e4 Qg4 33.Rc3 h4 34.Qd1 hxg3 35.Rxf3 Rxf3 36.fxg3 Qxg3+
37.Kh1  0-1